000
00335nam a22001457a 4500
008
211011b ||||| |||| 00| 0 eng d
020
_a
9780323054331
041
_a
eng
080
_a
616.073
082
_a
616.073
100
_a
6
101
_a
RAD
245
_a
Comprehensive Review of Radiography
_c
Callaway,W.J
942
_2
udc
_c
BK
999
_c
58152
_d
58152